000
00227nam a2200097Ia 4500
008
190216s9999||||xx |||||||||||||| ||und||
100
_a
Null
245
0
_a
Hindi-Naga Mayi Deviyam
260
_b
Prabhakar Publications
942
_c
BK
999
_c
17960
_d
17960